Cádiz : guía artística y monumental /
Saved in:
| Hovedforfatter: | |
|---|---|
| Andre forfattere: | |
| Format: | Electronisk eBog |
| Sprog: | spansk |
| Udgivet: |
Madrid :
Sílex,
c2006.
|
| Fag: | |
| Online adgang: | Digitalia Hispánica |
| Tags: |
Tilføj Tag
Ingen Tags, Vær først til at tagge denne postø!
|
MARC
| LEADER | 00000nam a2200000Ii 4500 | ||
|---|---|---|---|
| 001 | DIGSLX0126 | ||
| 003 | NyNyDIG | ||
| 006 | m o d | ||
| 007 | cr ||||||||||| | ||
| 008 | 100625s2006 sp ab ob 001 0 spa d | ||
| 020 | |z 8477370559 | ||
| 020 | |z 9788477370550 | ||
| 035 | |a (OCoLC)888277817 | ||
| 040 | |a DGITA |b eng |e pn |c DGITA | ||
| 043 | |a e-sp--- | ||
| 050 | 1 | 4 | |a N7111.C22 eBook |
| 050 | 1 | 4 | |a DP402.C39 eBook |
| 100 | 1 | |a Alonso de la Sierra Fernández, Juan. | |
| 245 | 1 | 0 | |a Cádiz : |b guía artística y monumental / |c Juan y Lorenzo Alonso de la Sierra. |
| 246 | 3 | 0 | |a Guía artística y monumental |
| 264 | 1 | |a Madrid : |b Sílex, |c c2006. | |
| 300 | |a 1 online resource (175 pages) : |b ill., some col. | ||
| 336 | |a text |b txt |2 rdacontent | ||
| 337 | |a computer |b c |2 rdamedia | ||
| 338 | |a online resource |b cr |2 rdacarrier | ||
| 500 | |a "2a reimpresión 2006 de a 2a edición 2004"; 1o ed. 1995 | ||
| 504 | |a Includes bibliographical references (p. [155]-161) and index. | ||
| 650 | 0 | |a Art |z Spain |z Cádiz |v GuideBooks. | |
| 650 | 0 | |a Architecture |z Spain |z Cádiz |v GuideBooks. | |
| 651 | 0 | |a Cádiz (Spain) |v GuideBooks. | |
| 655 | 0 | |a Electronic books. | |
| 700 | 1 | |a Alonso de la Sierra Fernández, Lorenzo. | |
| 791 | 2 | |a Digitalia (Firm), |e distributor. | |
| 793 | 0 | |g Digitalia eBook Collection: |a Sílex. | |
| 856 | 4 | 0 | |3 Digitalia Hispánica |u https://digitalia.unach.elogim.com/a/1259/ |
| 910 | |a Premium Collection: 2007-2012 | ||